Catalog

Record Details

Catalog Search



The premarital counseling handbook  Cover Image Book Book

The premarital counseling handbook / H. Norman Wright

Wright, H. Norman (Author).

Record details

  • ISBN: 0-8024-6382-7
  • Physical Description: 271 p.
  • Publisher: Chicago Moody Press 1992

Available copies

  • 1 of 1 copy available at Common Catalog SPOK.

Holds

  • 0 current holds with 1 total copy.
Show Only Available Copies
Location Call Number / Copy Notes Barcode Shelving Location Status Due Date
ETS Library 362.8286 424470010145 Volný výběr Available -

LDR 00642nam a2 00241
00138916
003CZ-PrJAB
00520020312000000.0
008020312s1992 xxu e |||| |eng
009us
020 . ‡a0-8024-6382-7
035 . ‡a(CONS)7327
035 . ‡aKPS10934
040 . ‡aABG450
041 . ‡aeng
08214. ‡a362.8286
100 . ‡7596 ‡aWright, H. Norman
245 . ‡aThe premarital counseling handbook / ‡cH. Norman Wright
260 . ‡aChicago ‡bMoody Press ‡c1992
300 . ‡a271 p.
653 . ‡aThe premarital counseling handbook
8524 . ‡bETS ‡bETS ‡cVolný výběr ‡j362.8286 ‡gA ‡p424470010145
910 . ‡aABG450
999 . ‡a7327 ‡bAUTOGEN ‡c7327 ‡tbiblio
905 . ‡uadmin
901 . ‡a38916 ‡b ‡c38916 ‡tbiblio ‡sets

Additional Resources